000 00859nam a2200193 a 4500
008 120416s1982 ||||||||||||||||| || u
020 _a0871503190
050 _aQA 372 ZIL
100 _aZill, Dennis G., 1940-
245 1 2 _aA first course in differential equations with applications
250 _a2nd. ed.
260 _aBoston, Mass.
_bPrindle, Weber & Schmidt
_c1982
300 _aix, 475, [52] p. : ill.
350 _a0.00
650 0 _aMATHEMATICS--HANDBOOKS, MANUALS, ETC
650 _aDIFFERENTIAL EQUATIONS--PROBLEMS, EXERCISES, ETC.
995 _aBINDERY (DAMAGED)
_D0.00
_e719274
_FCBU-MAIN LIBRARY (Kitwe)
_H1
_I27.95
_jQA 372 Zil
_M1
_UDAMAGED
_y011972
_ZMain Library Open Access Collection
995 _aMAIN LIBRARY OPEN ACCESS
_D0.00
_e721756
_FCBU-MAIN LIBRARY (Kitwe)
_H2
_I27.95
_jQA 372 Zil
_M2
_UAVAILABLE
_y011973
_ZMain Library Open Access Collection
999 _c63144
_d63144